Sports Quiz

Random Sports or College Quiz

Alphabetical NCAA Sports Logos Quiz Stats

 Plays Quiz not verified by Sporcle

Challenge
Share
Tweet
Photobucket
Score 0/26 Timer 04:00
0 Plays Today
Letter Team % Correct
DDuke
97.5%
AArizona
95.2%
BBaylor
94.7%
GGeorgia
94.2%
IIndiana
93.6%
HHawaii
92.5%
OOregon
92.4%
NNebraska
91.4%
PPurdue
91.2%
WWisconsin
90.8%
SSyracuse
90.3%
XXavier
90%
RRutgers
89.9%
Letter Team % Correct
TTennessee
89.8%
CCincinnati
89.7%
MMinnesota
89.2%
UUtah
89%
VVillanova
85.3%
YYale
85%
KKent State
67.9%
EEMU
59%
JJacksonville
57.1%
LLouisville
56.7%
Z*Akron
47.8%
FFurman
43.6%
QQuinnipiac
35.1%

You're not logged in!

Compare scores with friends on all Sporcle quizzes.
Join for Free
OR
Log In

You Might Also Like...

Show Comments

Extras

Top Quizzes Today


Score Distribution

Your Account Isn't Verified!

In order to create a playlist on Sporcle, you need to verify the email address you used during registration. Go to your Sporcle Settings to finish the process.

Report this User

Report this user for behavior that violates our Community Guidelines.

Details: